000
00334nam a22001457a 4500
008
231101b ||||| |||| 00| 0 eng d
020
_a
3540576835
041
_a
eng
080
_a
101
082
_a
101RUD
100
_a
44
101
_a
FILOZO
245
_a
PHILOSOPHY MATHEMATICS AND MODERN PHYSICS
_c
RUDOLPH .E
942
_2
udc
_c
BK
999
_c
60472
_d
60472